The Fox and the Crow : An Aesop Fable / (Record no. 4035)
[ view plain ]
| 000 -LEADER | |
|---|---|
| fixed length control field | 01030nam a22002417a 4500 |
| 001 - CONTROL NUMBER | |
| control field | 4035 |
| 003 - CONTROL NUMBER IDENTIFIER | |
| control field | FISKH |
| 005 - DATE AND TIME OF LATEST TRANSACTION | |
| control field | 20240531160454.0 |
| 008 - FIXED-LENGTH DATA ELEMENTS--GENERAL INFORMATION | |
| fixed length control field | 240531b cb ||||| |||| 00| 0 eng d |
| 020 ## - INTERNATIONAL STANDARD BOOK NUMBER | |
| International Standard Book Number | 9780673611970 |
| 040 ## - CATALOGING SOURCE | |
| Original cataloging agency | FISKH |
| Language of cataloging | eng |
| Transcribing agency | FISKH |
| Modifying agency | FISKH |
| 100 ## - MAIN ENTRY--PERSONAL NAME | |
| Personal name | Newell, Robert |
| Relator term | author |
| 245 ## - TITLE STATEMENT | |
| Title | The Fox and the Crow : An Aesop Fable / |
| Statement of responsibility, etc. | retold by Robert Newell : illustrated by Manuel King |
| 260 ## - PUBLICATION, DISTRIBUTION, ETC. | |
| Place of publication, distribution, etc. | New York : |
| Name of publisher, distributor, etc. | Scott Foresman ; |
| Date of publication, distribution, etc. | 2000 |
| 300 ## - PHYSICAL DESCRIPTION | |
| Extent | 16 pages : |
| Other physical details | illustrations ; |
| Dimensions | 21 cm . |
| 505 ## - FORMATTED CONTENTS NOTE | |
| Formatted contents note | H <br/> |
| 520 ## - SUMMARY, ETC. | |
| Summary, etc. | This book provides practice in reading the high-frequency words could, have, need, and was. It also provides practice reading words with the short vowel sounds a, i, u and words that begin with two blended consonants, such as cr in crow or bl in black ... Phonics skill: Short a, i u; l, r, and s blends.-Cover p. [3]<br/> |
| 521 8# - TARGET AUDIENCE NOTE | |
| Target audience note | 430 <br/> |
| Source | Lexile estimate <br/> |
| 521 8# - TARGET AUDIENCE NOTE | |
| Target audience note | H <br/> |
| Source | Raz-Plus <br/> |
| 700 ## - ADDED ENTRY--PERSONAL NAME | |
| Personal name | King, Manuel |
| Relator term | illustrator |
| 942 ## - ADDED ENTRY ELEMENTS (KOHA) | |
| Source of classification or shelving scheme | Dewey Decimal Classification |
| Koha item type | Books |
| Suppress in OPAC | No |
| Withdrawn status | Lost status | Source of classification or shelving scheme | Damaged status | Not for loan | Collection | Home library | Current library | Shelving location | Date acquired | Total Checkouts | Full call number | Barcode | Date last seen | Price effective from | Koha item type |
|---|---|---|---|---|---|---|---|---|---|---|---|---|---|---|---|
| Dewey Decimal Classification | Juvenile Fiction | Footprints International School Library Network Toul Kork Campus | Footprints International School Library Network Toul Kork Campus | 05/31/2024 | NEW Fic | FISBK04273 | 05/31/2024 | 05/31/2024 | Books |
